000 00810nam a2200253Ia 4500
003 OSt
005 20220927110400.0
006 a|||||r|||| 00| 0
007 ta
008 220926b |||||||| |||| 00| 0 eng d
024 _a58258
037 _cReports
040 _aRTL
_cRTL
_beng
041 _2eng
_aeng
082 _a"X:99T(T,b),3.2s, J1/GD"
110 _a"India, (Govt of-) Education (Ministry of -)"
_9377129
245 0 _aScales of pay of primary and secondary school teachers in states in India
260 _aDelhi
_bManager of Publications India
_c1951
300 _a96p.
_ccm.
650 _aTechnical Labour Economics
_9352531
700 _a"India, (Govt of-) Education (Ministry of -)"
_9377130
942 _h"X:99T(T,b),3.2s, J1/GD"
_cCC
999 _c696087
_d696087